| 000 | 00407nam a2200145Ia 4500 | ||
|---|---|---|---|
| 003 | GCL | ||
| 008 | 140319s9999 xx 000 0 ara d | ||
| 040 |
_aGCL / _cGCL |
||
| 082 | 0 | 4 |
_a216.7 _bر م |
| 100 | 1 | _aعادل حسين | |
| 245 | 1 | 0 |
_aالمواجهة حول الاعتدال والتطرف فى الاسلام / _cعادل حسين |
| 700 | 1 | _aرفعت السعيد | |
| 300 | _a139 ص | ||
| 490 | _a | ||
| 999 |
_c48287 _d48287 |
||